職場初心者一次學會專案管理 : (Record no. 7694)
[ view plain ]
| 000 -LEADER | |
|---|---|
| fixed length control field | 00753cam a2200253 4500 |
| 001 - CONTROL NUMBER | |
| control field | .b25998584 |
| 003 - CONTROL NUMBER IDENTIFIER | |
| control field | YEEZEN |
| 005 - DATE AND TIME OF LATEST TRANSACTION | |
| control field | 20260202151354.0 |
| 008 - FIXED-LENGTH DATA ELEMENTS--GENERAL INFORMATION | |
| fixed length control field | 250218s2025 ch ak e 000 0 chi d |
| 020 ## - INTERNATIONAL STANDARD BOOK NUMBER | |
| International Standard Book Number | 9786264140744 |
| Qualifying information | (平裝) : |
| Terms of availability | 新臺幣520元 |
| 040 ## - CATALOGING SOURCE | |
| Original cataloging agency | FCU |
| Language of cataloging | chi |
| Transcribing agency | FCU |
| Description conventions | ccr |
| 042 ## - AUTHENTICATION CODE | |
| Authentication code | nbic |
| 090 ## - LOCALLY ASSIGNED LC-TYPE CALL NUMBER (OCLC); LOCAL CALL NUMBER (RLIN) | |
| Classification number (OCLC) (R) ; Classification number, CALL (RLIN) (NR) | 494 |
| 100 1# - MAIN ENTRY--PERSONAL NAME | |
| Personal name | 胡世雄 |
| 245 10 - TITLE STATEMENT | |
| Title | 職場初心者一次學會專案管理 : |
| Remainder of title | 從零開始系統化掌握團隊協作.效率與風險管理 / |
| Statement of responsibility, etc. | 胡世雄, 江軍, 彭立言著 |
| 250 ## - EDITION STATEMENT | |
| Edition statement | 初版 |
| 260 ## - PUBLICATION, DISTRIBUTION, ETC. | |
| Place of publication, distribution, etc. | 新北市 : |
| Name of publisher, distributor, etc. | 博碩, |
| Date of publication, distribution, etc. | 2025.01 |
| 300 ## - PHYSICAL DESCRIPTION | |
| Extent | 274面 : |
| Other physical details | 圖, 表 ; |
| Dimensions | 23公分 |
| 504 ## - BIBLIOGRAPHY, ETC. NOTE | |
| Bibliography, etc. note | 含參考書目 |
| 650 #7 - SUBJECT ADDED ENTRY--TOPICAL TERM | |
| Source of heading or term | lcstt |
| Topical term or geographic name entry element | 專案管理 |
| 700 1# - ADDED ENTRY--PERSONAL NAME | |
| Personal name | 江軍 |
| 700 1# - ADDED ENTRY--PERSONAL NAME | |
| Personal name | 彭立言 |
| 942 ## - ADDED ENTRY ELEMENTS (KOHA) | |
| Source of classification or shelving scheme | 中文圖書分類法 |
| Koha item type | 一般圖書 |
| 撤銷狀態 | 遺失狀態 | 分類號來源 | 損壞狀態 | 不外借 | 永久館藏地 | 現在館藏地 | 書架位置 | 採購日期 | 全部借出 | 完整索書號 | 條碼號 | 最後一次日期記錄 | 一般價格有效日期 | Koha館藏類型 | 公開資訊 |
|---|---|---|---|---|---|---|---|---|---|---|---|---|---|---|---|
| 未註銷館藏 | 未遺失 | 中文圖書分類法 | 未損毀 | 可外借 | 怡仁綜合醫院圖書館 | 怡仁綜合醫院圖書館 | 2026-02-02 | 494 | C03278 | 2026-02-02 | 2026-02-02 | 一般圖書 | 👉從新手到專案高手的第一步,打開專案管理的大門!👈 專案管理不再是專業人士的專屬,本書為初入職場的您量身打造!無論您是否有管理經驗,本書都將以淺顯易懂的方式,帶領您從零開始學習專案管理的基礎概念與實務技巧。透過這本書,您將掌握如何規劃、協作、執行專案,並在工作與生活中實現目標。 |